000 00941nam a2200277Ia 4500
003 OSt
005 20220923231002.0
006 a|||||r|||| 00| 0
007 ta
008 220922b |||||||| |||| 00| 0 hin d
024 _a348,232
037 _cTextual
040 _aARTS
_cARTS
_bhin
041 _2hin
_ahin
082 _aO152,1M96x, M3.1-.7
100 _aनवल, नन्दकिशोर, संपा.
245 0 _aनिराला रचनावली
246 _aNirālā rachanāvalī
260 _aनयी दिल्ली
_b राजकमल प्रकाशन
_c1983
300 _a418पृ.
_ccm.
490 _vखण्ड 1
650 _a हिन्दी साहित्य
_9156264
650 _aहिन्दी कविता
942 _hO152,1M96x, M3.1-.7
_cTEXL
_2CC
999 _c388627
_d388627